Library Logo

Pioneer International University Library Catalogue

AVCE BUSINESS LAW (Record no. 5760)

MARC details
000 -LEADER
fixed length control field 00273nam a22000977a 4500
005 - DATE AND TIME OF LATEST TRANSACTION
control field 20250901165543.0
008 - FIXED-LENGTH DATA ELEMENTS--GENERAL INFORMATION
fixed length control field 210802b |||||||| |||| 00| 0 eng d
050 ## - LIBRARY OF CONGRESS CALL NUMBER
Classification number KD665 .M33 2001
245 ## - TITLE STATEMENT
Title AVCE BUSINESS LAW
Statement of responsibility, etc. MACLNTRYRE, E.
942 ## - ADDED ENTRY ELEMENTS (KOHA)
Source of classification or shelving scheme Library of Congress Classification
Classification part KD665 .M33 2001
Holdings
Withdrawn status Lost status Source of classification or shelving scheme Damaged status Not for loan Home library Current library Shelving location Date acquired Total checkouts Total renewals Full call number Barcode Date last seen Date last checked out Price effective from Koha item type
    Library of Congress Classification     Main Library Main Library   08/02/2021 1 5 KD665 .M33 2001 PIU0001053 02/03/2025 11/07/2024 08/02/2021 Books